| 000 | 00679nam a2200241Ia 4500 | ||
|---|---|---|---|
| 003 | OSt | ||
| 005 | 20220924115959.0 | ||
| 006 | a|||||r|||| 00| 0 | ||
| 007 | ta | ||
| 008 | 220923b |||||||| |||| 00| 0 hin d | ||
| 024 | _a202130 | ||
| 037 | _cTextual | ||
| 040 |
_aARTS _cARTS _bhin |
||
| 041 |
_2hin _ahin |
||
| 082 | _aO15,1:g(R4), 152P0 | ||
| 100 |
_aShukla Kiran _9138725 |
||
| 245 | 0 | _aSanskrit ke lokvishrut niti-kavya avam akalan | |
| 260 |
_aDelhi _bJ.P. publishing house India _c2000 |
||
| 300 |
_axii, 86 p _ccm. |
||
| 650 | _aENGLISH LITERATURE | ||
| 942 |
_hO15,1:g(R4), 152P0 _cTEXL _2CC |
||
| 999 |
_c400756 _d400756 |
||